000 00466nam a2200181Ia 4500
008 131103s9999 xx 000 0 und d
040 _aLoreto College
041 _aEnglish
082 _a821.91/YEA
_bLCLIB/19325
100 _aYeats, W.B
245 _aAutobiographies
_cW.B.Yeats
260 _aLondon
_bMacmillan
_c1961
300 _a592p
_c 22cm
504 _aIncludes index
650 _aAutobiograph - W.B.Yeats
850 _aLCLIB/821.91/YEA
942 _cBK
999 _c24650
_d75129